| 000 | 00370 a2200121 4500 | ||
|---|---|---|---|
| 001 | ART_5866 | ||
| 005 | 20260410161828.0 | ||
| 008 | 260409a | ||
| 245 | 1 | 0 | _aFinanciamiento de la universidad pública |
| 100 | 1 | _aDi Gresia, Luciano Mario | |
| 700 | 1 | _aPorto, Alberto | |
| 773 | 0 |
_tEstudios Económicos _g- Vol. 24, Nº 49 (jul./dic. 2007) _wREV5080 |
|
| 999 |
_c22990 _d22990 |
||